The Walking Dead: Character Anagrams Quiz Stats

 Plays Quiz not verified by Sporcle

Challenge
Share
Tweet
Embed
Score 0/18 Timer 10:00
0 Plays Today
Anagram Character % Correct
sicker grimRick Grimes
84.7%
regal scrimCarl Grimes
69.4%
egg menagerieMaggie Greene
63.4%
isomer girlLori Grimes
60.1%
ashen shawlShane Walsh
60.1%
mixed lonerMerle Dixon
59.6%
eye restTyreese
58.6%
omen inchMichonne
58.1%
loiterer placeCarol Peletier
49.2%
Anagram Character % Correct
he be regentBeth Greene
45.8%
i muzzle lassieLizzie Samuels
35.5%
jargon omensMorgan Jones
34.7%
harm bad afroAbraham Ford
32.7%
hardhat loveDale Horvath
32%
ode to dog haulersTheodore Douglas
28.7%
bike hill appPhilip Blake
27.1%
pure green toeEugene Porter
22%
herbal car matTara Chambler
20%

You're not logged in!

Compare scores with friends on all Sporcle quizzes.
OR
Log In

You Might Also Like...

Show Comments

Extras

Top Quizzes Today


Score Distribution

Your Account Isn't Verified!

In order to create a playlist on Sporcle, you need to verify the email address you used during registration. Go to your Sporcle Settings to finish the process.

Report this User

Report this user for behavior that violates our Community Guidelines.

Details: